| 000 | nam a22 7a 4500 | ||
|---|---|---|---|
| 999 |
_c127763 _d127763 |
||
| 008 | 180323b xxu||||| |||| 00| 0 eng d | ||
| 050 |
_aNB1098 _b.S39 |
||
| 100 |
_aPaulme, Denise (ed.) _940929 |
||
| 245 |
_aLes sculptures de L'Afrique noire _cDenise Paulme |
||
| 260 |
_aParis _bPresses Universitaires de France _c1956 |
||
| 300 |
_aviii, 129p. ; _c22cm. |
||
| 440 |
_aL'ceil du connaisseur _940930 |
||
| 650 |
_aSculpture, African _913088 |
||
| 650 |
_aNegro art _940931 |
||
| 650 |
_aSculpture, West Africa _xExhibition _940932 |
||
| 650 |
_aSculpture _xPrivate collection _xSwitzerland _940933 |
||
| 942 |
_2lcc _cMONOGRAPH |
||